000
00241nam a22001217a 4500
020
_a
1-84557-272-6
082
_a
001
_b
RIS/C
245
_a
THE CIRCULATORY SYSTEM
260
_a
UK
_b
RISING SUN
300
_a
31
650
_a
GK
_z
UK
942
_c
BK
999
_c
6269
_d
6269